01322nam a22002057a 450000500170000000800410001704000290005804100080008708200120009510000170010724501470012426000560027130000310032750004570035850501980081550600210101365000360103465100210107065100250109120151201073359.0151117s1925 sp a|||fr|||| 001 0 spa d cSandra YazodSandra Yazo0 aspa04220a9181 aGay, Vicente10aEn el imperio del solbEn torno a los orígenes y formación del Perú moderno. En el centenario de la Batalla de Ayacuchocpor Vicente Gay aMadrid [España]bBlass, S. A. Tipográficac1925 a382 páginasc26 x 18 cm. aDetalles físicos: Encuadernación rígida en cartón forrado en papel. Lomo en tela con adornos en dorado. Guardas. Conserva la tapa en cartulina de la encuadernación original. Anteportada con una anotación manuscrita. Portada impresa en una sola tinta. Retrato del autor. Cenefas. Texto impreso en una sola columna. Algunas notas al pie de página. Ilustraciones, mapas, tablas y gráficos entre el texto. Manchas de humedad sobre el papel2 aCamino de América ; En el Pacifico, las primeras impresiones ; Orígenes y formación del Perú moderno ; El Perú moderno ; El Perú del Porvenir ; La visión de la América del Norte aConsulta en sala 7aDescripciones y viajes zPerú 4aPerúxHistoria 4aPerú xGeografía